000 00740nam a22001577a 4500
005 20251103161357.0
100 _aWijesuriya, W.
245 _aForecasting of rubber prices in the Sri Lankan market using multiple temporal aggregation (MTA)
260 _bNatural Rubber Industry: Way forward for the Competitiveness and Sustainability: Proceedings of the International Rubber Conference 2019, 30 September- 1st October 2019, International Rubber Research and Development Board and Myanmar Rubber Planters and Producers Association, Nai Pyi Taw, Myanmar, pp. 319-327.
_c2022
650 _aMAPA package in R
650 _aRubber prices
700 _aHerath, H.M.I.K.
700 _aIshani, P.G.N.
700 _aSankalpa, J.K.S
942 _cAR
999 _c75741
_d75741